Greek to Roman Gods - Statistics

General Stats
  • This quiz has been taken 45 times
  • The average score is 16 of 30
Answer Stats
Greek Roman % Correct
Zeus Jupiter
100%
Aphrodite Venus
98%
Artemis Diana
95%
Ares Mars
95%
Poseidon Neptune
90%
Hades Pluto
88%
Hermes Mercury
85%
Hera Juno
83%
Dionysus Bacchus
78%
Apollo Apollo
75%
Athena Minerva
75%
Eros Cupid
73%
Hephaestus Vulcan
70%
Demeter Ceres
63%
Kronos Saturn
63%
Helios Sol
58%
Hestia Vesta
58%
Selene Luna
55%
Nike Victoria
35%
Persephone Proserpina
30%
Hypnos Somnus
28%
Hecate Trivia
18%
Hebe Juventas
15%
Enyo Bellona
10%
Eris Discordia
10%
Thanatos Mors
10%
Nyx Nox
10%
Nemesis Invidia
8%
Asclepius Aesculapius
3%
Erebos Scotus
0%
No matching quizzes found
Score Distribution
Percent of People with Each Score
Percentile by Number Answered
Your Score History
You have not taken this quiz